| 000 | 00000nas 2200000zi 4500 |
| 001 | 9.504952 |
| 003 | CaOODSP |
| 005 | 20250326151308 |
| 006 | m o d f |
| 007 | cr cn |||||||| |
| 008 | 150406c19929999onc x p o s f0 a0eng|d |
| 022 | |a1481-899X |
| 040 | |aCaOODSP|beng|erda|cCaOODSP |
| 041 | |aeng|afre |
| 043 | |an-cn--- |
| 086 | 1 |aCS21-004E-PDF |
| 086 | 1 |aCS21-004-PDF |
| 210 | 0 |aVista agri-food ind. farm community |b(Online) |
| 222 | 0|aVista on the agri-food industry and the farm community |b(Online) |
| 245 | 00|aVISTA on the agri-food industry and the farm community. |
| 246 | 15|aRegards sur l'industrie agro-alimentaire et la communauté agricole |
| 264 | 1|aOttawa, Ontario : |bStatistics Canada = Statistique Canada, |c[1992]- |
| 310 | |aIrregular |
| 336 | |atext|btxt|2rdacontent |
| 337 | |acomputer|bc|2rdamedia |
| 338 | |aonline resource|bcr|2rdacarrier |
| 362 | 1 |aBegan with 1992? |
| 500 | |aIssued also in French under title: Regards sur l'industrie agro-alimentaire et la communauté agricole. |
| 500 | |aEach issue also has a distinctive title. |
| 500 | |aSome issues digitized from print edition [produced by Statistics Canada]. |
| 515 | |aSuspended 2020-2022. |
| 520 | 3 |aContains several short articles highlighting statistical insights on themes relating to agriculture, food and rural issues. In addition, there are current indicators of agricultural activity, a list of subject matter contacts and a schedule of upcoming statistical releases. |
| 546 | |aText in English and French with separate title pages, 1992-1998; text in English only, 1999- |
| 550 | |aIssued by: Statistics Canada, Agriculture Division. |
| 588 | |aDescription based on: 1992; title from PDF caption. |
| 588 | |aLatest issue consulted: November 30, 2023. |
| 650 | 0|aAgricultural industries|zCanada|vPeriodicals. |
| 650 | 0|aAgriculture|xEconomic aspects|zCanada|vStatistics|vPeriodicals. |
| 650 | 0|aFarm life|zCanada|vPeriodicals. |
| 650 | 0|aFood industry and trade|xEconomic aspects|zCanada|vStatistics|vPeriodicals. |
| 655 | 7|aPeriodicals|2lcgft |
| 710 | 1 |aCanada. |bStatistics Canada. |bAgriculture Division, |eissuing body. |
| 775 | 08|tRegards sur l'industrie agro-alimentaire et la communauté agricole.|w(CaOODSP)9.501350 |
| 788 | |tVISTA on the agri-food industry and the farm community.|efre|w(CaOODSP)9.835501 |